000 00742cam a2200253 a 4500
001 000009355
005 20200929161551.0
008 890124s1991 sp 000 f spa d
020 _a8423307271
040 _aDO-SdBNP
_bspa
_cICU
_dBNPHU
082 _a863.6
_bT692s, 1991
100 1 _aTorrente Ballester, Gonzalo,
_d1910-1999
_94745
245 1 3 _aLa saga :
_bfuga de J. B. /
_cGonzalo Torrente Ballester.
250 _a6a ed.
260 _aBarcelona :
_bDestino,
_c1991.
300 _a667 p. ;
_c20 cm.
490 1 _aÁncora y delfín
_v388
650 4 _aNovela española
_91123
650 4 _aLiteratura española
_9632
830 0 _aÁncora y delfín ;
_v388
_94704
910 _aCatalogación derivada
910 _aWM
049 _aBNGR
999 _c9115
_d9115